Κατάλογος Βιβλιοθηκών Mediterranean College

Μηχανολογικό Εργαστήριο Ι / Υπουργείο Εθνικής Παιδείας και Θρησκευμάτων - Τεχνολογικό Εκπαιδευτικό Ίδρυμα Αθήνας - Σχολή Τεχνολογικών Εφαρμογών (Record no. 5752)

MARC details
000 -LEADER
fixed length control field 01160cam a22001814a 4500
005 - ΗΜΕΡΟΜΗΝΙΑ ΚΑΙ ΩΡΑ ΤΕΛΕΥΤΑΙΑΣ ΕΝΗΜΕΡΩΣΗΣ
Πεδίο ελέγχου 20250605164221.0
008 - FIXED-LENGTH DATA ELEMENTS--GENERAL INFORMATION
Πεδίο ελέγχου σταθερού μήκους 250528s ||||||||||||||||||||||||d
035 ## - SYSTEM CONTROL NUMBER
System control number 20666
040 ## - ΠΗΓΗ ΚΑΤΑΛΟΓΟΓΡΑΦΗΣΗΣ
Φορέας πρωτότυπης καταλογογράφησης MC Athens Campus Library
Γλώσσα καταλογογράφησης Ελληνικά, Μοντέρνα (1453-)
Modifying agency MC Athens Campus Library
Κανόνες περιγραφικής καταλογογράφησης AACR2
245 1# - ΤΙΤΛΟΣ ΚΑΙ ΔΗΛΩΣΗ ΥΠΕΥΘΥΝΟΤΗΤΑΣ
Τίτλος Μηχανολογικό Εργαστήριο Ι / Υπουργείο Εθνικής Παιδείας και Θρησκευμάτων - Τεχνολογικό Εκπαιδευτικό Ίδρυμα Αθήνας - Σχολή Τεχνολογικών Εφαρμογών
260 ## - PUBLICATION, DISTRIBUTION, ETC.
Name of publisher, distributor, etc. Οργανισμός Εκδόσεων Διδακτικών Βιβλίων,
Date of publication, distribution, etc. 1999
300 ## - PHYSICAL DESCRIPTION
Extent 366
520 ## - SUMMARY, ETC.
Summary, etc. Οργάνωση του Μηχανουργείου, Εργαλεία Μηχανουργείου, Γενικά για τις Μετρήσεις, Δίκτυα Σωληνώσεων, Εργαλεία Διάνοιξης Οπών, Συγκολλήσεις, Ηλώσεις, Καμινευτήριο, Χυτήριο, Καμπτικές Μηχανές, Κοπή Ελασμάτων, Μηχανές Διαμόρφωσης.
700 1# - ΠΡΟΣΘΕΤΗ ΑΝΑΓΡΑΦΗ--ΦΥΣΙΚΟ ΠΡΟΣΩΠΟ
Personal name Μαυρογένης Ιωάννης Β
9 (RLIN) 6630
942 ## - ADDED ENTRY ELEMENTS (KOHA)
Koha item type Books
Holdings
Τύπος τεκμηρίου Βιβλιοθήκη Τρέχουσα τοποθεσία Barcode Αριθμός εισαγωγής Ημερομηνία απόκτησης Ταξιθετικό σύμβολο Αριθμός αντιτύπου Κατάσταση απόσυρσης Κατάσταση χαμένου Κατάσταση κατεστραμμένου Μη δανεισμός Σύνολο δανεισμών Ημερομηνία τελευταίας εμφάνισης Η τιμή ισχύει από
Books MC Athens Campus Library MC Athens Campus Library 9780000057518 7265 05/06/2025 621.072 MAV 1           05/06/2025 05/06/2025

MC Athens Campus Library
Πατησίων 94 & Κοδριγκτώνος 13, 104 34
Πελλήνης 8 & Πατησίων 107, 112 51
Τ: +30 210 8899600

MC Thessaloniki Campus Library
Ίωνος Δραγούμη 21, 54625 | Ίωνος Δραγούμη 15, 54625
Τ: +30 2310 287779 – Τ: +30 2314 440300